Catalog

Record Details

Catalog Search



Modrá příšera  Cover Image Book Book

Modrá příšera / Petr Horáček

Summary:

Knížka s celostránkovými ilustracemi pro děti, které mají rády legraci a zároveň příběh o přátelství a odpuštění. Modrá příšera si chtěla hrát, ale králíkovi se nechtělo. A tak příšera udělala něco, co se dělat nemá. A pak to udělala znovu a ještě jednou. Tak, a teď si Modrá příšera doopravdy neměla s kým hrát. Nakladatelská anotace. Kráceno.

Record details

  • ISBN: 978-80-262-2211-8
  • Physical Description: 34 nečíslovaných stran : barevné ilustrace ; 28 cm
  • Edition: Vydání první
  • Publisher: Praha : Portál, 2024

Content descriptions

General Note:
Přeloženo z angličtiny
Genre: anglicky psané příběhy
autorské knihy
publikace pro děti
stories in English
authors' books
children's literature

Available copies

  • 1 of 1 copy available at Common Catalog SPOK.

Holds

  • 0 current holds with 1 total copy.
Show Only Available Copies
Location Call Number / Copy Notes Barcode Shelving Location Status Due Date
Jabok Library BL-4.1/H 424480046816 Odborná literatura Available -

LDR 01893cam a2200457 i 4500
00158211
003CZ-PrJAB
00520241112141944.0
007ta
008241014s2024 xr a a 000 j cze
015 . ‡acnb003637552
020 . ‡a978-80-262-2211-8 ‡q(vázáno)
035 . ‡a(CZ PrNK)nkc20243637552
040 . ‡aABG001 ‡bcze ‡erda
0411 . ‡acze ‡heng
072 7. ‡a821.111-3 ‡xAnglická próza, anglicky psaná ‡2Konspekt ‡925
072 7. ‡a821-93 ‡xLiteratura pro děti a mládež (beletrie) ‡2Konspekt ‡926
080 . ‡a821.111-32 ‡2MRF
080 . ‡a821-93 ‡2MRF
080 . ‡a(0.027.6)74/77 ‡2MRF
080 . ‡a(0:82-32) ‡2MRF
1001 . ‡aHoráček, Petr, ‡d1967- ‡7xx0151165 ‡4aut
24010. ‡aBlue monster. ‡lČesky
24510. ‡aModrá příšera / ‡cPetr Horáček
250 . ‡aVydání první
264 1. ‡aPraha : ‡bPortál, ‡c2024
300 . ‡a34 nečíslovaných stran : ‡bbarevné ilustrace ; ‡c28 cm
336 . ‡atext ‡btxt ‡2rdacontent
336 . ‡astatický obraz ‡bsti ‡2rdacontent
337 . ‡abez média ‡bn ‡2rdamedia
338 . ‡asvazek ‡bnc ‡2rdacarrier
500 . ‡aPřeloženo z angličtiny
5202 . ‡aKnížka s celostránkovými ilustracemi pro děti, které mají rády legraci a zároveň příběh o přátelství a odpuštění. ‡bModrá příšera si chtěla hrát, ale králíkovi se nechtělo. A tak příšera udělala něco, co se dělat nemá. A pak to udělala znovu a ještě jednou. Tak, a teď si Modrá příšera doopravdy neměla s kým hrát. Nakladatelská anotace. Kráceno.
655 7. ‡aanglicky psané příběhy ‡7fd183173 ‡2czenas
655 7. ‡aautorské knihy ‡7fd756049 ‡2czenas
655 7. ‡apublikace pro děti ‡7fd133156 ‡2czenas
655 9. ‡astories in English ‡2eczenas
655 9. ‡aauthors' books ‡2eczenas
655 9. ‡achildren's literature ‡2eczenas
910 . ‡aABG312
995 . ‡aska
901 . ‡a58211 ‡bAUTOGEN ‡c58211 ‡tbiblio

Additional Resources